| 000 | 00390cam a2200145ua 4500 | ||
|---|---|---|---|
| 041 |
_aeng _h |
||
| 082 |
_a828.09 _bOCO/LO |
||
| 100 | _aO Connor, Frank . | ||
| 245 |
_aLonely voice : a study of short story / _cFrank O`Connor. _hTextual Documents |
||
| 260 |
_aLondon : _bMacMillan and Company Limited , _c1963. |
||
| 300 | _a221 ; . | ||
| 504 | _a | ||
| 942 | _cBK | ||
| 999 |
_c12816 _d12816 |
||